Central Library OPAC University of Rajshahi

Origin and development of criminal justice in India / (Record no. 47110)

MARC details
000 -LEADER
fixed length control field 00721nam a2200241 a 4500
001 - CONTROL NUMBER
control field 47110
003 - CONTROL NUMBER IDENTIFIER
rucl marc code BD-RjUL
005 - DATE AND TIME OF LATEST TRANSACTION
control field 20211209054248.0
008 - FIXED-LENGTH DATA ELEMENTS--GENERAL INFORMATION
fixed length control field 160807s1990 ii b 001 0 eng
020 ## - INTERNATIONAL STANDARD BOOK NUMBER
International Standard Book Number : 8171002722
035 ## - SYSTEM CONTROL NUMBER
System control number (BD-RjUL)47229
040 ## - CATALOGING SOURCE
Original cataloging agency DLC
Transcribing agency DLC
Modifying agency DLC
-- BD-RjUL
Language of cataloging eng
041 ## - LANGUAGE CODE
Language code of text/sound track or separate title eng
082 00 - DEWEY DECIMAL CLASSIFICATION NUMBER
Classification number 345.5405
Edition number 23
Author mark and year DUO 1990
100 1# - MAIN ENTRY--PERSONAL NAME
Personal name Dutta, N. K.
9 (RLIN) 143461
245 10 - TITLE STATEMENT
Title Origin and development of criminal justice in India /
Statement of responsibility, etc. N.K. Dutta
260 ## - PUBLICATION, DISTRIBUTION, ETC. (IMPRINT)
Place of publication, distribution, etc. New Delhi :
Name of publisher, distributor, etc. Deep & Deep Publications,
Date of publication, distribution, etc. 1990.
300 ## - PHYSICAL DESCRIPTION
Pagination 91 p. ;
Size 23 cm.
500 ## - GENERAL NOTE
General note index.
504 ## - BIBLIOGRAPHY, ETC. NOTE
Bibliography, etc bibliographical (p. 84-88).
650 #0 - SUBJECT ADDED ENTRY--TOPICAL TERM
Topical term or geographic name as entry element Criminal justice, Administration of
Geographic subdivision India
General subdivision History.
9 (RLIN) 143462
942 ## - ADDED ENTRY ELEMENTS (KOHA)
Source of classification or shelving scheme Dewey Decimal Classification
Koha item type Books
Holdings
Lost status Source of classification or shelving scheme Damaged status Not for loan Collection code Permanent Location Current Location Shelving location Date acquired Source of acquisition Cost, normal purchase price Total Checkouts Full call number Date last seen Copy number Koha item type
  Dewey Decimal Classification     Non-fiction Central Library, University of Rajshahi Central Library, University of Rajshahi   30/03/2000 Lucky Syndicate, Dhaka 80.00   345.5405 DUO 1990 07/08/2016 C-2 Books
  Dewey Decimal Classification     Non-fiction Central Library, University of Rajshahi Central Library, University of Rajshahi   05/12/1997 Akram prokasoni 80.00   345.5405 DUO 1990 24/10/2016 C-3 Books
  Dewey Decimal Classification     Non-fiction Central Library, University of Rajshahi Central Library, University of Rajshahi   15/12/1997 Ankur prakashani, Dhaka 80.00   345.5405 DUO 1990 24/10/2016 C-4 Books